Library of the University of Algiers 3
Ibrahim Sultan Cheibout
شعار جامعة الجزائر 3
مكتبة جامعة الجزائر 3
إبراهيم سلطان شيبوط

العقود المسماة عقد البيع / (رقم التسجيلة. 46003)

تفاصيل مارك
000 -LEADER
fixed length control field 01993nam a2200217Ia 4500
003 - CONTROL NUMBER IDENTIFIER
control field Ost
005 - DATE AND TIME OF LATEST TRANSACTION
control field 20260507075728.0
008 - FIXED-LENGTH DATA ELEMENTS--GENERAL INFORMATION
fixed length control field 260507s9999||||xx |||||||||||||| ||und||
040 ## - CATALOGING SOURCE
Transcribing agency fsecg
041 ## - LANGUAGE CODE
Language code of text/sound track or separate title ara
082 ## - DEWEY DECIMAL CLASSIFICATION NUMBER
Classification number 340
100 ## - MAIN ENTRY--PERSONAL NAME
Personal name سعد، نبيل ابراهيم
Relator term مؤلف
245 #0 - TITLE STATEMENT
Title العقود المسماة عقد البيع /
Statement of responsibility, etc. نبيل ابراهيم سعد
260 ## - PUBLICATION, DISTRIBUTION, ETC.
Place of publication, distribution, etc. الاسكندرية:
Name of publisher, distributor, etc. دار الجامعة الجديدة,
Date of publication, distribution, etc. 2003
300 ## - PHYSICAL DESCRIPTION
Extent 304 صفحة؛
Dimensions 24 سم
520 ## - SUMMARY, ETC.
Summary, etc. مقدمة -أولا فكرة العقود المسماة : ثانيا مصادر القواعد القانونية المنظمة للعقود المسماة : ثالثا : نطاق الدراسة : عقد البيع : فصل تمهيدي التعريف بعقد البيع -القسم الأول : انعقاد عقد البيع : الباب الأول : أركان عقد البيع وشروط صحته : الفصل الأول : التراضي : الفصل الثاني : الشئ المبيع : الفصل الثالث : الثمن -الباب الثاني : صور خاصة للبيع (البيوع الائتمانية) : الفصل الأول : البيع كوسيلة لإنشاء الائتمان : الفصل الثاني : البيع كوسيلة لضمان الائتمان -القسم الثاني : آثار عقد البيع : الباب الأول : التزامات البائع : الفصل الأول : الالتزام بنقل الملكية : الفصل الثاني : الالتزام بالتسليم : الفصل الثالث : الالتزام بالضمان -الباب الثاني : التزامات المشتري : الفصل الأول : الوفاء بالثمن : الفصل الثاني : الالتزام بدفع مصروفات البيع : الفصل الثالث : تسلم المبيع
653 ## - INDEX TERM--UNCONTROLLED
Uncontrolled term تشريعات وقوانين -مصر
653 ## - INDEX TERM--UNCONTROLLED
Uncontrolled term عقود البيع
653 ## - INDEX TERM--UNCONTROLLED
Uncontrolled term قانون تجاري
942 ## - ADDED ENTRY ELEMENTS (KOHA)
Koha item type كتب
المقتنيات
Withdrawn status Lost status Source of classification or shelving scheme Damaged status Not for loan Home library Current library Date acquired Serial enumeration / chronology Inventory number Total checkouts Full call number Barcode Date last seen Price effective from Koha item type
    Library of Congress Classification   NOT LOAN / إعارة داخلية مكتبة كلية العلوم الإقتصادية والعلوم التجارية وعلوم التسيير مكتبة كلية العلوم الإقتصادية والعلوم التجارية وعلوم التسيير 07/05/2026 الطابق الأرضي 1146/1   أ/1146ن1 1146/1 07/05/2026 07/05/2026 كتب
    Dewey Decimal Classification   Available مكتبة كلية العلوم الإقتصادية والعلوم التجارية وعلوم التسيير مكتبة كلية العلوم الإقتصادية والعلوم التجارية وعلوم التسيير 07/05/2026 الطابق الأرضي 1146/2   أ/1146ن2 1146/2 07/05/2026 07/05/2026 كتب
    Dewey Decimal Classification   Available مكتبة كلية العلوم الإقتصادية والعلوم التجارية وعلوم التسيير مكتبة كلية العلوم الإقتصادية والعلوم التجارية وعلوم التسيير 07/05/2026 الطابق الثاني 1146/3   أ/1146ن3 1146/3 07/05/2026 07/05/2026 كتب

موارد الويب المفتوحة


© University of Algiers 3 All Rights Reserved
|
Implemented by LECHELAH Riad